[Event "Berlin-ch Seniors op 27th"]
[Site "Berlin"]
[Date "2011.02.04"]
[Round "7"]
[White "Bolle, Dietrich"]
[Black "Hoefener, Juergen"]
[Result "1-0"]
[WhiteElo "1387"]
[BlackElo "1534"]
[PlyCount "76"]
[EventDate "2011.01.29"]
[EventType "swiss"]
[EventRounds "9"]
[EventCountry "GER"]
[SourceTitle "EXT 2012"]
[Source "ChessBase"]
[SourceDate "2011.11.24"]
[SourceVersion "1"]
[SourceVersionDate "2011.11.24"]
[SourceQuality "1"]

1. d4 Nf6 2. c4 e6 3. Nf3 d5 4. e3 c6 5. Nbd2 Nbd7 6. Bd3 Be7 7. 0-0 0-0 8. Re1 b6 9. cxd5 cxd5 10. a3 a5 11. e4 dxe4 12. Nxe4 Bb7 13. Bf4 Nxe4 14. Bxe4 Bxe4 15. Rxe4 Nf6 16. Re1 Rc8 17. Qb3 Nd5 18. Be3 Qc7 19. Rac1 Qb7 20. Bd2 Qb8 21. Ne5 Rxc1 22. Rxc1 Rc8 23. Nc6 Qa8 24. Nxe7+ Nxe7 25. Qxb6 h6 26. Rxc8+ Qxc8 27. Qxa5 Qc2 28. Qc3 Qd1+ 29. Be1 Nf5 30. Qd2 Qxd2 31. Bxd2 Nxd4 32. a4 Nc6 33. a5 Na7 34. b4 Kf8 35. Be3 Nb5 36. a6 Nc7 37. a7 Na8 38. b5 Ke8 1-0

[Event "Berlin-ch Seniors op 27th"]
[Site "Berlin"]
[Date "2011.01.31"]
[Round "3"]
[White "Grunow, Werner"]
[Black "Hoefener, Juergen"]
[Result "1-0"]
[WhiteElo "1775"]
[BlackElo "1534"]
[PlyCount "70"]
[EventDate "2011.01.29"]
[EventType "swiss"]
[EventRounds "9"]
[EventCountry "GER"]
[SourceTitle "EXT 2012"]
[Source "ChessBase"]
[SourceDate "2011.11.24"]
[SourceVersion "1"]
[SourceVersionDate "2011.11.24"]
[SourceQuality "1"]

1. d4 Nf6 2. c4 e6 3. Bg5 Be7 4. Nc3 c6 5. Nf3 d5 6. e3 Nbd7 7. Bd3 dxc4 8. Bxc4 0-0 9. 0-0 h6 10. Bf4 Nb6 11. Bb3 Nfd5 12. Be5 Bd6 13. Bxd6 Qxd6 14. Ne4 Qe7 15. a3 Nd7 16. Rc1 N5f6 17. Ng3 c5 18. Ne5 Rd8 19. Nxd7 Nxd7 20. Bc2 b6 21. Qf3 Ba6 22. Rfd1 Nf6 23. Ne4 Nxe4 24. Qxe4 g6 25. f4 Bb7 26. Qd3 f5 27. Bb3 Be4 28. Qe2 Bd5 29. Bc2 Kg7 30. e4 fxe4 31. Bxe4 Rac8 32. Bxd5 Rxd5 33. dxc5 Rcxc5 34. Rxc5 Qxc5+ 35. Kh1 Qc4 1-0